000 00504nam a2200181Ia 4500
008 090123s9999 xx 000 0 und d
082 _b28255
100 _aपारगांवकर वि. शं.
245 _aसय
250 _a1
260 _bप्रतिमा प्रकाशन
_c1998
300 _a119
600 _aपारगांवकर वि. शं.
630 _aसय
700 _aपारगांवकर वि. शं.
730 _aसय
942 _cBOOK
999 _c66734
_d66734